00709cam a2200205 a 450000100100000000500170001000800410002702000150006804000230008308200180010610000340012424501140015826000320027230000330030450400340033765100400037165300330041170000320044470000270047600000188520200929145738.0831130s1984 sp a b 001 0 spa  a0399128921 aDO-SdBNPcDLCdDLC a001.94bB515a1 aBerlitz, Charles,d1914-2003.10aAtlántida :bel octavo continente /cCharles Berlitz ; traducción, María del Mar Moya, Miquel Muntaner. aEspaña :bPlaneta,c1984. a216, [9] p. :bil. ;c21 cm. aBibliografía: p. [211]-213. 4aAtlántidaxCivilización Antigua0 aATLANTIDA (LUGAR LEGENDARIO)1 aMar Moya, María del.etr.1 aMuntaner, Miquel.etr.